Infrastructure cost review (Record no. 111780)

MARC details
000 -LEADER
fixed length control field 00988cad a22001935a 4500
001 - CONTROL NUMBER
control field L151988
008 - FIXED-LENGTH DATA ELEMENTS--GENERAL INFORMATION
fixed length control field 110118s2010 xxk f 000 0 eng d
035 ## - SYSTEM CONTROL NUMBER
System control number (Sirsi) u151988
041 0# - LANGUAGE CODE
Language code of text/sound track or separate title eng
110 2# - MAIN ENTRY--CORPORATE NAME
Corporate name or jurisdiction name as entry element United Kingdom
Subordinate unit HM Treasury
245 00 - TITLE STATEMENT
Title Infrastructure cost review
Remainder of title main report
Medium [electronic resource]
260 ## - PUBLICATION, DISTRIBUTION, ETC.
Place of publication, distribution, etc. London
Name of publisher, distributor, etc. HM Treasury
Date of publication, distribution, etc. 2010
520 ## - SUMMARY, ETC.
Summary, etc. Identifies a number of reasons for the higher cost of construction in the UK compared with other EU countries. These costs are mainly found in the early and pre-construction stages of a project. Efficiency improvements could save £2-3 billion per annum and some specific areas have been identified for savings which will be announced around the time of Budget 2011.
590 ## - LOCAL NOTE (RLIN)
Local note KA NTK
651 #4 - SUBJECT ADDED ENTRY--GEOGRAPHIC NAME
Geographic name England and Wales
Chronological subdivision 1543-
690 ## - LOCAL SUBJECT ADDED ENTRY--TOPICAL TERM (OCLC, RLIN)
Topical term or geographic name as entry element PROPERTY-INFRASTRUCTURE
856 40 - ELECTRONIC LOCATION AND ACCESS
Uniform Resource Identifier <a href="https://www.hm-treasury.gov.uk/d/cost_review_main211210.pdf">https://www.hm-treasury.gov.uk/d/cost_review_main211210.pdf</a>
Public note View the document free of charge at www.hm-treasury.gov.uk
942 ## - ADDED ENTRY ELEMENTS (KOHA)
Suppress in OPAC 0
Holdings
Withdrawn status Lost status Source of classification or shelving scheme Damaged status Not for loan Home library Current library Shelving location Date acquired Total Checkouts Full call number Barcode Date last seen Copy number Price effective from Koha item type
    Dewey Decimal Classification     Virtual Virtual Online 18/01/2011   ONLINE PUBLICATION 151988-2001 06/08/2019 1 06/08/2019 Book